000 00268nam a2200109Ia 4500
008 240625s9999 xx 000 0 und d
041 _aeng
082 _a658.3124 BLA
100 _aBLANCHARD P NICK
245 _aEFFECTIVE TRAINING SYSTEMS STRATEGIES AN
260 _c2014
999 _c39205
_d39205